[Event "Rhein Main op-A 20th"]
[Site "Bad Homburg"]
[Date "2017.06.16"]
[Round "4"]
[White "Rosenblatt, Marcus"]
[Black "Springer, Adrian"]
[Result "0-1"]
[WhiteElo "2008"]
[BlackElo "1874"]
[PlyCount "80"]
[EventDate "2017.06.14"]
[EventType "swiss"]
[EventRounds "7"]
[EventCountry "GER"]
[SourceTitle "EXT 2018"]
[Source "ChessBase"]
[SourceDate "2017.10.13"]
[SourceVersion "1"]
[SourceVersionDate "2017.10.13"]
[SourceQuality "1"]

1. e4 d5 2. exd5 Qxd5 3. Nc3 Qa5 4. d4 Nf6 5. Bd2 c6 6. Nf3 Bg4 7. Bc4 e6 8. h3 Qh5 9. Qe2 Nbd7 10. 0-0-0 Bxf3 11. gxf3 0-0-0 12. Kb1 Nb6 13. Bb3 Rxd4 14. Be3 Rxd1+ 15. Rxd1 Qxh3 16. Na4 Be7 17. Nxb6+ axb6 18. Bxb6 Bd8 19. Bd4 Qf5 20. Bc4 Bc7 21. Bd3 Qg5 22. b4 Rd8 23. Be3 Bf4 24. c4 Bxe3 25. fxe3 h5 26. f4 Qg4 27. Qc2 Ne4 28. Kb2 Nf2 29. Rd2 Nxd3+ 30. Rxd3 Rxd3 31. Qxd3 h4 32. Ka3 h3 33. Qh7 Kd7 34. c5 Qg2 35. Qd3+ Ke7 36. Qd6+ Kf6 37. Qe5+ Kg6 38. e4 h2 39. f5+ Kh7 40. fxe6 h1Q 0-1